[Event "SVK-chT3A2 0910"]
[Site "Slovakia"]
[Date "2010.02.14"]
[Round "8.4"]
[White "Jurik, Michal"]
[Black "Palka, Martin"]
[Result "1/2-1/2"]
[WhiteElo "1932"]
[BlackElo "1889"]
[PlyCount "90"]
[EventDate "2009.10.18"]
[EventType "team-tourn"]
[EventRounds "11"]
[EventCountry "SVK"]
[SourceTitle "EXT 2011"]
[Source "ChessBase"]
[SourceDate "2010.11.26"]
[SourceVersion "1"]
[SourceVersionDate "2010.11.26"]
[SourceQuality "1"]
[WhiteTeam "Trnava III"]
[BlackTeam "Senica"]
[WhiteTeamCountry "SVK"]
[BlackTeamCountry "SVK"]

1. e4 c5 2. Nf3 d6 3. d4 cxd4 4. Nxd4 Nf6 5. Nc3 a6 6. Be2 e6 7. 0-0 Be7 8. f4 Nc6 9. Kh1 Qc7 10. Bf3 Nxd4 11. Qxd4 0-0 12. Be3 Nd7 13. Rad1 Re8 14. Qd2 b5 15. f5 Ne5 16. Bh5 Rf8 17. Bg5 f6 18. Bf4 Rb8 19. fxe6 Bxe6 20. Nd5 Bxd5 21. Qxd5+ Kh8 22. c3 Qc4 23. Bxe5 Qxd5 24. exd5 fxe5 25. Be2 Bf6 26. Bd3 a5 27. Rde1 Rfc8 28. Re4 Rc5 29. Re3 Rxd5 30. g3 Rc5 31. Rd1 d5 32. Bf5 d4 33. cxd4 exd4 34. Rf3 Re8 35. Bd3 b4 36. b3 Rce5 37. Kg2 Re1 38. Rf1 Rxd1 39. Rxd1 Bg5 40. Kf3 Be3 41. Kg2 Rf8 42. Rf1 Rxf1 43. Bxf1 g5 44. Be2 h6 45. Kf3 Kg7 1/2-1/2

[Event "SVK-chT3A2 0607"]
[Site "Slovakia"]
[Date "2006.10.08"]
[Round "1"]
[White "Liptak, Dusan"]
[Black "Jurik, Michal"]
[Result "0-1"]
[WhiteElo "1708"]
[BlackElo "1915"]
[PlyCount "132"]
[EventDate "2006.10.08"]
[EventType "team-tourn"]
[EventRounds "11"]
[EventCountry "SVK"]
[SourceTitle "EXT 2008"]
[Source "ChessBase"]
[SourceDate "2007.11.25"]
[SourceVersion "1"]
[SourceVersionDate "2007.11.25"]
[SourceQuality "1"]
[WhiteTeam "Cifer"]
[BlackTeam "Trnava III"]
[WhiteTeamCountry "SVK"]
[BlackTeamCountry "SVK"]

1. Nf3 c5 2. g3 g6 3. Bg2 Bg7 4. 0-0 Nf6 5. d3 d6 6. Nbd2 0-0 7. c4 Nc6 8. e4 Re8 9. Nb3 Bd7 10. Ne1 Qc8 11. f4 Bg4 12. Nf3 Nh5 13. Qe2 e5 14. Qf2 exf4 15. gxf4 Bh3 16. a3 Qg4 17. Ng5 Bxg2 18. Qxg2 Qxg2+ 19. Kxg2 Nd4 20. Nxd4 Bxd4 21. f5 h6 22. fxg6 fxg6 23. Nf7 Rf8 24. Nxh6+ Kh7 25. Rf7+ Bg7 26. Rxf8 Rxf8 27. Ng4 Bd4 28. Ra2 Nf4+ 29. Bxf4 Rxf4 30. h3 g5 31. b4 b6 32. bxc5 bxc5 33. Nh2 Rf7 34. Nf3 Bf6 35. Kg3 Kh6 36. Kg4 Kg6 37. Re2 Re7 38. Re1 Rb7 39. e5 dxe5 40. Nxe5+ Kg7 41. Kf5 Rb2 42. Nd7 Rf2+ 43. Ke6 Bd4 44. Kd5 Rf5+ 45. Kc6 Kh6 46. Re8 Kh5 47. Ra8 Kh4 48. Rxa7 Kxh3 49. Ra8 g4 50. a4 Rg5 51. Rb8 g3 52. a5 Rg6+ 53. Kc7 g2 54. Rb1 Ra6 55. Kb7 Rxa5 56. Kb6 Ra1 57. Rxa1 Bxa1 58. Kxc5 g1Q+ 59. Kc6 Qg6+ 60. Kc7 Qxd3 61. c5 Qg3+ 62. Kb7 Qb3+ 63. Kc7 Bd4 64. c6 Bf2 65. Kd8 Bg3 66. c7 Qg8+ 0-1